000 00654nam a2200193Ia 4500
003 GCL
008 140319s9999 xx 000 0 ara d
040 _aGCL /
_cGCL
082 0 4 _aم
_b928.1
_bم ج
100 1 _aميخائيل نعيمة
245 1 0 _aجبران خليل جبران : حياتة - موتة - ادبة - فنة /
_cميخائيل نعيمة
300 _a325 ص
490 _aماذا اعرف
_v0
650 0 4 _aالشعراء العرب
650 0 4 _aالشعر العربى - تاريخ ونقد
650 0 4 _aجبران خليل جبران
650 0 4 _aالبلاغة العربية,العصر الحديث
942 _2ddc
_cREF
999 _c59653
_d59653